000 00391nam a2200145 i 4500
001 bg
100 1 _aKOBYLIŃSKI, Stanisław
245 0 _aNormalizacja oprzyrządowania odlewniczego /
_cStanisław Kobyliński, Zygmunt Smoleń.
260 _aWarszawa,
_c1969.
700 1 _aSMOLEŃ, Zygmunt
040 _cBPK
041 _apol
942 _cKS
008 s pl f |000 0 pol
999 _c16794
_d16794
856 _uhttp://koha.tu.koszalin.pl/cgi-bin/koha/opac-detail.pl?biblionumber=16794
_yKatalog online BPK